000 00580nam a22002177a 4500
003 UA-OsUOA
001 96849
007 ta
008 20130322b un ||||| |||| 00| 0 ukr d
090 _a821.161.2
_bМ31
942 _cBK
040 _aUA-OsUOA
_bukr
_cUA-OsUOA
_dUA-OsUOA
245 _aМаски
_bоповідання письменників ФРН
300 _a340 с.
955 _a3
041 _aukr
080 _a821.161.2
260 _aК.
_bДніпро
_c1979
650 7 _a82 Література. Літературознавство
_2UDC
999 _c383099
_d383099